000 00376 a2200169 4500
001 187707
020 _a978-85-08-10555-7
040 _cMagnum
100 _aAzevedo, Ricardo
240 1 0 _aO livro dos pontos de vista
_lpor
245 1 0 _aO livro dos pontos de vista
300 _a63
362 0 _a2006
440 1 _aÁtica
697 _aLITERATURA INFANTO
942 _cBK
999 _c187707
_d187707